000 01190nam0a2200301 i 4500
001 RU\NLR\bibl\2027964
005 20260601075200.0
010 _a9785699621262
_95000
021 _aRU
_b2013-26774
_91848
035 _a(NLR Aleph) 002015909
090 _a4481268
_c4481268
100 _a20130424d2013 u y0rusy50 ca
101 1 _arus
_ceng
102 _aRU
105 _aa |||||||||
200 1 _aДикие карты
_e[роман-мозаика]
_fДжордж Р.Р. Мартин, Роджер Желязны, Говард Уолдроп
_g[пер. с англ. Н. Ибрагимовой и др.]
210 _aМосква
_cЭКСМО
_d2013
215 _a476, [2] с.
_cил.
_d22
225 1 _aКнига-фантазия
686 _aШ6(7США)67-445{Лх1979-62}
700 1 _4070
_8rus
_7ca
_aМартин
_bД. Р. Р.
_f1948-
_gДжордж Рэймонд Ричард
_3RU\NLR\auth\7731549
_914559
701 1 _4070
_8rus
_7ca
_aЖелязны
_bР.
_f1937-1995
_gРоджер
_3RU\NLR\auth\772011
_9112028
701 1 _aУолдроп
_bГ.
_gГовард
_4070
801 0 _aRU
_bNLR
_c20130424
_gRCR
801 1 _aRU
_bNLR
_c20130424
942 _cBOOK
980 _aNBR